000 00627cam a2200181 i 4500
005 20260125103019.0
008 250721s2000 ua gr 000 0 ara d
082 1 4 _a345.05
_bخ ل ي
100 1 _aخليل، عدلي
_eمؤلف.
245 1 2 _aالدفوع الجوهريه في المواد الجنائية /
_cالمستشار عدلي خليل.
250 _aالطبعة الأولى.
264 3 1 _aالقاهرة :
_bدار الكتب القانونيه،
_c2000.
300 _a899 صفحة.
650 1 7 _aالقانون الجنائي.
650 1 7 _aمصر.
942 _2ddc
_cBK
999 _c94502
_d94502